000 00919nam0a22002891 4500
001 RU\INFOCOMM_327\NLR\5000077079
005 20250614080618.0
035 _a(NLR Aleph) 010606165
090 _a10553889
_c10553889
100 _a20130325d1963 |||y0rusy50 ca
101 0 _ager
102 _aRU
105 _ay z||||
200 1 _aErgebnisse und Ziele der balneologischen Moorforschung
_fK. E. Quentin
_gDer internationale Torfkongress
210 _aL.
_d1963
215 _a16, IV с.
_cдиагр.
_d23 см
309 _aОтпеч. множит. аппаратом
320 _aБиблиогр.: с. 16
620 _aСанкт-Петербург
686 _aМе7-280
_2rubbk
700 1 _aQuentin
_bK. E.
712 1 2 _aInternationales Torfkongress
_eLeningrad
_f1963
_4570
801 1 _aRU
_bInfocomm
_c20130325
801 0 _aRU
_bINFOCOMM
_gPSBO
852 _aNLR
_jМд21 Г-6/50
942 _cBOOK
980 _aNB